000
00237 a2200097 4500
001
54214
100
_a
Perreault,William.D
245
_a
Essentialsof Marketing
260
_a
Islamabad
_b
National Book Foundation
_c
090
_c
33808
_d
33808
942
_a
NUST-CAE
_c
M
_c
26456
999
_c
289287
_d
289287